Представление документа в формате RUSMARC

ПолеНазваниеЗначение
  Тип записи a
  Библиографический уровень m
001 Контрольный номер RU/CBS_UL/BASE/6f747c22d48a4dca84214d4cfc186d4f
005 Дата корректировки 20260429131054.7
010 Индекс ISBN __
a ISBN 978-5-378-34716-2
b Уточнения в пер.
d Цена 16 р. 53 к.
9 Тираж 3 000 экз.
100 Данные общей обработки __
a Данные общей обработки 20130725d2013 ||| 0rusy0189 ca
101 Язык документа 0_
a Язык текста rus
102 Страна публикации __
a Страна публикации RU
105 Кодированные данные (монография) __
a Кодированные данные (монография) y###||||000|y
181 Поле кодированных данных: вид содержания _1
a Код вида содержания (ISBD) i#
b Код характеристики содержания (ISBD) #xxe##
d i
g x
h x
i e
182 Поле кодированных данных: тип средства _1
a Код типа средства (ISBD) n
2 Код системы (источник кода, отличный от ISBD) isbdmedia
200 Заглавие и сведения об ответственности 1_
a Заглавие Ромео и Джульетта
e Сведения, относящиеся к заглавию трагедия
f Первые сведения об ответственности У. Шекспир
g Последующие сведения об ответственности пер. с англ. Б. Пастернака
210 Выходные данные 1_
a Место издания Ростов-на-Дону
c Издательство Проф-Пресс
d Дата издания 2025
215 Физическое описание __
a Объем 175 с.
d Формат 20,5 см.
225 Серия 0_
a Серия Мировая классика
300 Общие примечания __
a Общие примечания 12+
606 Тематические рубрики 0_
a Основная рубрика Английская литература, 16-17 вв. - Пьесы
610 Ключевые слова 0_
a Ключевые слова классика английская
a Ключевые слова пьесы
a Ключевые слова чувства
a Ключевые слова трагедии
a Ключевые слова истории любви
a Ключевые слова ревность
a Ключевые слова честолюбие
a Ключевые слова драматургия
a Ключевые слова произведения школьной программы
686 Индексы других классификаций __
a Классификационный индекс 84(4Вел)
2 Код системы ББК
700 Автор _1
a Фамилия Шекспир
b Имя (инициалы) У.
g Полное личное имя Уильям
801 Источник записи _0
a Страна RU
b Организация МБУК ЦБС г. Ульяновска
c Дата составления 20130725
g Правила каталогизации RCR
801 Источник записи _1
a Страна RU
b Организация МБУК ЦБС г. Ульяновска
c Дата составления 20130725
g Правила каталогизации RCR
852 Данные о местонахождении __
i Авторский знак Ш 41
j Шифр хранения И(Англ)
900 Электронные ресурсы __
a Имя электронного ресурса ромео и дж
901 Тип документа __
t Тип документа m